Primera lección preparatoria para una serie de lecciones de lectura en alta voz (Record no. 74841)

MARC details
000 -CABECERA
campo de control de longitud fija 00555nam a2200193 a 4500
005 - FECHA Y HORA DE LA ÚLTIMA TRANSACCIÓN
campo de control 20210219153346.0
008 - ELEMENTOS DE LONGITUD FIJA--INFORMACIÓN GENERAL
campo de control de longitud fija 991125n 000 0 spa u
035 ## - NÚMERO DE CONTROL DEL SISTEMA
Número de control de sistema UPN01000093917
100 ## - ASIENTO PRINCIPAL--NOMBRE PERSONAL
Nombre de persona Barranco, Manuel
222 #0 - TÍTULO CLAVE
Título clave EDUCACION :
Información calificativa REVISTA MENSUAL
245 #0 - MENCIÓN DE TÍTULO
Título Primera lección preparatoria para una serie de lecciones de lectura en alta voz
300 ## - DESCRIPCIÓN FÍSICA
Extensión 159-162
362 ## - FECHAS DE PUBLICACIÓN Y/O DESIGNACIÓN SECUENCIAL
Fecha de publicación y/o designación secuencial 1922 1, no. 3, (nov.)
653 0# - TERMINO DE INDIZACION - NO CONTROLADO
Término no controlado ENSEÑANZA
653 0# - TERMINO DE INDIZACION - NO CONTROLADO
Término no controlado HABITOS DE LECTURA
653 0# - TERMINO DE INDIZACION - NO CONTROLADO
Término no controlado LECTURA EN VOZ ALTA
904 ## - ELEMENTOS DE DATOS D LOCAL, LDD (RLIN)
a AC
b 031728
905 ## - TIPO DE MATERIAL
Tipo de material Articulo

No items available.